Statistics for Halloween Decoder

Click here to take the quiz!

General Stats

  • This quiz has been taken 22,331 times
  • The average score is 20 of 27

Answer Stats

Hint Answer % Correct
T_____ or treatTrick
100%
GIt says "boo!"Ghost
97%
HMovie genre popular on HalloweenHorror
96%
H____ PocusHocus
94%
OPopular Halloween colorOrange
94%
TSpooky Michael Jackson videoThriller
93%
BAnimal that vampires can turn intoBat
92%
PJack-o'-Lantern raw materialPumpkin
92%
N_____ of the Living DeadNight
88%
TMonster that lives under bridgesTroll
86%
HNoise made by an owlHoot
84%
ASomething that gets bobbed forApple
84%
MHalloween song: Monster ____Mash
78%
SGrim Reaper's weaponScythe
75%
ECauldron ingredient: ___ of newtEye
75%
TDouble, double ____ and troubleToil
71%
HLike some housesHaunted
70%
GWhat a mogwai becomes if you
feed it after midnight
Gremlin
65%
IFrankenstein's hunchbacked assistantIgor
64%
TVault for burying the deadTomb
62%
ULike a zombieUndead
60%
GSpirit that robs gravesGhoul
55%
IMr. Crane of Sleepy HollowIchabod
54%
QuoteThings that go bump in the night
52%
NWord spoken by Poe's ravenNevermore
51%
I________ of the Body SnatchersInvasion
51%
N1922 vampire movie, a
knock-off of Dracula
Nosferatu
38%

Score Distribution

Percentile by Number Answered

Percent of People with Each Score

Your Score History

You have not taken this quiz